000 00421nam a2200133Ia 4500
008 100328s9999 xx 000 0 und d
082 _b63848
100 _aमयेकर भालचंद्र.
245 _aसाप समज गैरसमज.
260 _bमनोविकास.
630 _aसाप समज गैरसमज.
730 _aसाप समज गैरसमज.
942 _cBOOK
999 _c549689
_d549686